TH-BS-Identification of chromosomal anomalies in HCV-infected patients by using cytogenetic technique (karyotyping) (Record no. 479703)
[ view plain ]
| 000 -LEADER | |
|---|---|
| fixed length control field | 00335nam a22000977a 4500 |
| 008 - FIXED-LENGTH DATA ELEMENTS--GENERAL INFORMATION | |
| fixed length control field | 150619t xxu||||| |||| 00| 0 eng d |
| 245 ## - TITLE STATEMENT | |
| Title | TH-BS-Identification of chromosomal anomalies in HCV-infected patients by using cytogenetic technique (karyotyping) |
| Medium | Thesis |
| 260 ## - PUBLICATION, DISTRIBUTION, ETC. | |
| Place of publication, distribution, etc. | NUST ISLAMABAD |
| Name of publisher, distributor, etc. | ASAB NUST |
| 300 ## - PHYSICAL DESCRIPTION | |
| Extent | 90 |
| 942 ## - ADDED ENTRY ELEMENTS (KOHA) | |
| Source of classification or shelving scheme | |
| Koha item type | |
| Withdrawn status | Lost status | Source of classification or shelving scheme | Damaged status | Not for loan | Permanent Location | Current Location | Date acquired | Total Checkouts | Full call number | Barcode | Date last seen | Price effective from | Koha item type |
|---|---|---|---|---|---|---|---|---|---|---|---|---|---|
| Atta-ur-Rahman School of Applied Biosciences (ASAB) | Atta-ur-Rahman School of Applied Biosciences (ASAB) | 06/19/2015 | Thesis Hafsa Waheed 2013 | ASAB BS-7(13) | 06/19/2015 | 06/19/2015 | Reference |
